Kashfizzunoon an asami al-kutubul funoon (Record no. 1434913)

MARC details
000 -LEADER
fixed length control field 00651nam a22001817a 4500
005 - DATE AND TIME OF LATEST TRANSACTION
control field 20250827142750.0
008 - FIXED-LENGTH DATA ELEMENTS--GENERAL INFORMATION
fixed length control field 250827b |||||||| |||| 00| 0 eng d
037 ## - SOURCE OF ACQUISITION
Terms of availability REF
040 ## - CATALOGING SOURCE
Original cataloging agency AL
Transcribing agency AL
041 ## - LANGUAGE CODE
Source of code arabic
Language code of text/sound track or separate title arabic
084 ## - COLON CLASSIFICATION NUMBER
Classification number a328 28M2.1-.7
Assigning agency AL
100 ## - MAIN ENTRY--PERSONAL NAME
Personal name Abdullah, Maulvi Mustafa
9 (RLIN) 819038
245 ## - TITLE STATEMENT
Title Kashfizzunoon an asami al-kutubul funoon
260 ## - PUBLICATION, DISTRIBUTION, ETC.
Date of publication, distribution, etc. 1982.
650 ## - SUBJECT ADDED ENTRY--TOPICAL TERM
Source of heading or term BIBLIOGRAPHY
942 ## - ADDED ENTRY ELEMENTS (KOHA)
Source of classification or shelving scheme Colon Classification (CC)
Koha item type Textbook
Classification part a328 28M2.1-.7
Suppress in OPAC No
Holdings
Withdrawn status Lost status Source of classification or shelving scheme Damaged status Not for loan Home library Current library Date acquired Total Checkouts Full call number Barcode Date last seen Price effective from Koha item type
    Colon Classification (CC)     Arts Library Arts Library 2025-08-27   a328 28M2.1 AL1339805 2025-08-27 2025-08-27 Textbook
    Colon Classification (CC)     Arts Library Arts Library 2025-08-27   a328 28M2.2 AL1339806 2025-08-27 2025-08-27 Textbook
    Colon Classification (CC)     Arts Library Arts Library 2025-08-27   a328 28M2.3 AL1339807 2025-08-27 2025-08-27 Textbook
    Colon Classification (CC)     Arts Library Arts Library 2025-08-27   a328 28M2.4 AL1339808 2025-08-27 2025-08-27 Textbook
    Colon Classification (CC)     Arts Library Arts Library 2025-08-27   a328 28M2.5 AL1339809 2025-08-27 2025-08-27 Textbook
    Colon Classification (CC)     Arts Library Arts Library 2025-08-27   a328 28M2.6 AL1339810 2025-08-27 2025-08-27 Textbook
Copyright @ Delhi University Library System